Quiz Cinéphile #1 - Statistiques

Statistiques générales
  • Ce quiz a été pris 239 fois
  • Le résultat moyen est 5 sur 11
Statistiques - réponses
Question Réponse % Correct
Dans quel film Ryan Gosling n’a jamais joué Drone
84%
Lequel de ces films a la meilleur note sur letterboxd Parasite
59%
Quel film a été réalisé par Damien Chazelle First man
56%
Lequel de ces films n’a jamais reçu d’Oscar Star Wars l’empire contre attaque
52%
Lequel de ces acteurs français n’est pas dans la cité de la peur Baer
44%
Lequel de ces films a été le plus récompensé aux oscars Le seigneur des anneaux
36%
Lequel de ces films a la pire note sur letterboxd Astérix l’empire du milieu
35%
Lequel de ces films n’a pas été réalisé par Quentin Dupieux Parallèle
35%
Lequel de ces films a les meilleurs résultats au box office Bienvenue chez les chti
34%
Lequel de ces acteurs a jamais reçu un oscar Zendaya
29%
Lequel de ces acteur a reçu le plus d’Oscar Newman
16%
Aucun quiz correspondant
Distribution des résultats
% des personnes avec chaque résultat
Percentile par nombre de réponses
Votre historique - résultats
Vous n’avez pas pris ce quiz